| 000 | 00697nam a2200217 i 4500 | ||
|---|---|---|---|
| 001 | 137893 | ||
| 003 | ES-MaACL | ||
| 005 | 20250819063101.0 | ||
| 007 | t| | ||
| 008 | 070214s1948 sp r ||||1| cat d | ||
| 080 | _a821.133.1-14"19" | ||
| 100 | 1 |
_aSalvà, Maria Antònia, _d1869-1958 _9132358 |
|
| 245 | 1 | 3 |
_aEl retorn / _cMaría-Antònia Salvá ; pròleg de Miquel Ferrá. |
| 260 |
_aMallorca : _bMoll, _c1948. |
||
| 300 |
_a176 p. ; _c18 cm. |
||
| 490 | 1 |
_aObres de Maria Antáonia Salváa ; _v3 |
|
| 700 | 1 |
_aFerrà, Miquel, _d1885-1947 _950223 |
|
| 830 | 0 |
_aObres de Maria Antáonia Salváa ; _v3 _9187093 |
|
| 852 |
_aES-MaACL _jB-12913 _bR.27056 |
||
| 999 |
_c137893 _d137893 |
||